000 00326 a2200109 4500
020 _a8120410092
082 _a624.15136 MES
100 _aMeschyan, S. R.
245 _aExperimental Rheology of Clayey Soils/
_cS. R. Meschyan
260 _aNew Delhi :
_bOxford and IBH Publishing,
_c1995
300 _axii, 448p. :
_bill. ;
_c23 cm
650 _aRheology -- Soils
999 _c1121
_d1121